| 000 | 01296nam a2200241Ia 4500 | ||
|---|---|---|---|
| 999 |
_c39237 _d39237 |
||
| 001 | 5823 | ||
| 003 | GE_BSU | ||
| 005 | 20190619215142.0 | ||
| 008 | 181216s1982||||ge |||||||||||||| ||geo|| | ||
| 040 | _cGE_BSU | ||
| 041 | _ageo | ||
| 080 | _a004.3 + 681 ლ-13 | ||
| 245 |
_aლაბორატორიული პრაქტიკუმი კურსში "გამოთვლითი ტექნიკა საინჟინრო და ეკონომიკურ გაანგარიშებებში" / _cშემდგ.მ. გოთოშია, ი. ვერულავა, გ. გირგვლიანი და სხვ. ; რედ. მ. ძიძიგური |
||
| 264 |
_aთბილისი : _bსპი, _c1982. |
||
| 300 |
_a48 გვ.; _c20 სმ. |
||
| 504 | _aბიბლიოგრ. : გვ.46 გვ. | ||
| 653 | _aგამოთვლითი ტექნიკა | ||
| 700 |
_aგოთოშია, მ. _eშემდგენელი _91820 |
||
| 700 |
_aვერულავა, ი. _eშემდგენელი _92649 |
||
| 700 |
_aგირგვლიანი, გ. _eშემდგენელი _92650 |
||
| 700 |
_aძიძიგური, მ. _eრედაქტორი _9472 |
||
| 942 |
_cBK _2udc |
||